Normal view MARC view
  • Sánchez Santiró, Ernest

Entry Nombre Personal

Number of records used in: 7

001 - NUMERO DE CONTROL

  • campo de control: 38119

003 - IDENTIFICADOR DE NUMERO DE CONTROL

  • campo de control: DLC

005 - FECHA Y HORA DE LA ÜLTIMA TRANSACCIÓN

  • campo de control: 20230516112645.0

008 - DATOS DE LONGITUD FIJA

  • campo de control de longitud fija: 230516n| azannaabn |a aaa c

010 ## - NÚMERO DE CONTROL DE LA BIBLIOTECA DEL CONGRESO

  • Número de control LC: nr2001017030
  • Número de Control LC Cancelado/inválido: no2004101890

035 ## - NUMERO DE CONTROL

  • Número de control: (OCoLC)oca05496570

035 ## - NUMERO DE CONTROL

  • Número de control: (CaEvSKY)skya6100994

040 ## - FUENTE DE CATALOGACIÓN

  • Agencia original de catalogación: CtY
  • Lenguaje de catalogación: spa
  • Description conventions: rda
  • Agencia de transcripción: CtY
  • Agencia que lo modifica: DLC
  • Agencia que lo modifica: ICU
  • Agencia que lo modifica: MX-MxCID
  • Agencia que lo modifica: MX-MxUPN

100 1# - ENCABEZAMIENTO - NOMBRE PERSONAL

  • Nombre personal: Sánchez Santiró, Ernest

372 ## - CAMPO DE ACTIVIDAD

  • Field of activity: Finanzas públicas--México--Historia
  • Fuente del término: lcsh

373 ## - GRUPO ASOCIADO

  • Associated group: Universidad de Valencia
  • Associated group: Instituto de Investigaciones Dr. José María Luis Mora
  • Fuente del término: naf

373 ## - GRUPO ASOCIADO

  • Associated group: Instituto de Investigaciones Dr. José María Luis Mora
  • Fuente del término: naf

373 ## - GRUPO ASOCIADO

  • Associated group: Sistema Nacional de Investigadores (México)
  • Fuente del término: naf

374 ## - OCUPACIÓN

  • Occupation: Profesor universitario
  • Fuente del término: lcsh

374 ## - OCUPACIÓN

  • Occupation: Profesor
  • Occupation: Investigador

375 ## - GÉNERO

  • Gender: masculino

377 ## - LENGUA ASOCIADA

  • Language code: spa

400 1# - VEÁSE - NOMBRE DE PERSONA

  • Personal name: Santiró, Ernest Sánchez

670 ## - FUENTE EN LA QUE SE LOCALIZARON DATOS

  • Cita de la fuente: Científics i professionals, 1998:
  • Información localizada: portada (Ernest Sánchez Santiró)

670 ## - FUENTE EN LA QUE SE LOCALIZARON DATOS

  • Cita de la fuente: La imperiosa necesidad, 2016:
  • Información localizada: portada (Ernest Sánchez Santiró) solapa delantera (Ernest Sánchez Santiró; Ph. D. in Geography and History from the Universidad de Valencia; professor/researcher at the Instituto de Investigaciones Dr. José María Luis Mora and member of the Sistema Nacional de Investigadores (SNI))

670 ## - FUENTE EN LA QUE SE LOCALIZARON DATOS

  • Cita de la fuente: Pensar la hacienda pública: personajes, proyectos y contextos en torno al pensamiento fiscal en Nueva España y México (siglos XVIII-XX), 2014:
  • Información localizada: portada (Ernest Sánchez Santiró) solapa (Doctor en Geografía e Historia por la Universidad de Valencia, profesor-investigador del Instituto de Investigaciones Dr. José María Luis Mora y miembro del sistema nacional de investigadores. Entre sus trabajos de temática fiscal destacan el libro. La Real Hacienda de la Nueva España y el primer reformismo fiscal de los Borbones (1720-1755))

902 ## - CATALOGADOR

  • Catalogador: NDAF/160523